00606cam a22002171i 4500001001300000003000400013005001700017008004100034010001700075035001900092040001900111042001200130050002300142082001000165100003200175245006600207260003100273300002900304490003800333999001700371ca 36000048 DLC20260227111139.0770221s1935 nyu 000 0 eng  aca 36000048  a(OCoLC)2753191 aDLCcMNoWdDLC apremarc00aPS3521.L5bM8 1935 a812.51 aKlein, Charles,d1867-1915.14aThe music master :ba play in three acts /cby Charles Klein. aNew York :bFrench,c1935. a134 p. :bill. ;c19 cm.0 aFrench's standard library edition c17945d17945